Competitividad, política macroeconómica, cargas fiscales y parafiscales de las empresas / (Record no. 11)
[ view plain ]
| 000 -LEADER | |
|---|---|
| campo de control de longitud fija | 00994nam a2200301Ia 4500 |
| 001 - NÚMERO DE CONTROL | |
| campo de control | 000823 |
| 008 - DATOS DE LONGITUD FIJA--INFORMACIÓN GENERAL | |
| campo de control de longitud fija | 221003m1995 xx 000 0 spa d |
| 035 ## - NÚMERO DE CONTROL DEL SISTEMA | |
| Número de control de sistema | CENDO_12 |
| 041 ## - CÓDIGO DE IDIOMA | |
| Código de lengua del texto/banda sonora o título independiente | spa |
| 100 ## - ENTRADA PRINCIPAL--NOMBRE DE PERSONA | |
| Nombre de persona | GARCIA DIAZ, Miguel Ángel |
| 9 (RLIN) | 65 |
| 245 #0 - MENCIÓN DEL TÍTULO | |
| Título | Competitividad, política macroeconómica, cargas fiscales y parafiscales de las empresas / |
| Mención de responsabilidad, etc. | Miguel Ángel García Díaz |
| 260 ## - PUBLICACIÓN, DISTRIBUCIÓN, ETC. | |
| Lugar de publicación, distribución, etc. | Madrid : |
| Nombre del editor, distribuidor, etc. | Gabinete Técnico Confederal, |
| Fecha de publicación, distribución, etc. | 1995 |
| 300 ## - DESCRIPCIÓN FÍSICA | |
| Extensión | 48 h. : |
| Otras características físicas | il., tab. ; |
| Dimensiones | 30 cm |
| 490 ## - MENCIÓN DE SERIE | |
| Mención de serie | Documentos de trabajo ; |
| Designación de volumen o secuencia | 28 |
| 650 ## - PUNTO DE ACCESO ADICIONAL DE MATERIA--TÉRMINO DE MATERIA | |
| Término de materia o nombre geográfico como elemento de entrada | POLITICA FISCAL |
| 9 (RLIN) | 66 |
| 650 ## - PUNTO DE ACCESO ADICIONAL DE MATERIA--TÉRMINO DE MATERIA | |
| Término de materia o nombre geográfico como elemento de entrada | EMPRESA |
| 9 (RLIN) | 67 |
| 650 ## - PUNTO DE ACCESO ADICIONAL DE MATERIA--TÉRMINO DE MATERIA | |
| Término de materia o nombre geográfico como elemento de entrada | POLITICA ECONOMICA |
| 9 (RLIN) | 45 |
| 650 #0 - PUNTO DE ACCESO ADICIONAL DE MATERIA--TÉRMINO DE MATERIA | |
| Término de materia o nombre geográfico como elemento de entrada | ACTITUD SINDICAL |
| 9 (RLIN) | 61 |
| 710 ## - ENTRADA AGREGADA--NOMBRE DE ENTIDAD CORPORATIVA | |
| Nombre de entidad corporativa o nombre de jurisdicción como elemento de entrada | CCOO |
| Unidad subordinada | Confederación Sindical |
| -- | Gabinete Técnico |
| 9 (RLIN) | 64 |
| 856 ## - LOCALIZACIÓN Y ACCESO ELECTRÓNICOS | |
| Nota pública | |
| Identificador Uniforme de Recursos | <a href="http://docpublicos.ccoo.es/cendoc/000823CompetitividadPoliticaMacroeconomicaGabineteTecnico1995.pdf">http://docpublicos.ccoo.es/cendoc/000823CompetitividadPoliticaMacroeconomicaGabineteTecnico1995.pdf</a> |
| 901 ## - ELEMENTOS DE DATOS A LOCAL LDA (RLIN) | |
| a | 1 |
| 903 ## - ELEMENTOS DE DATOS C LOCAL, LDC (RLIN) | |
| a | NO |
| 904 ## - ELEMENTOS DE DATOS D LOCAL, LDD (RLIN) | |
| a | 000 |
| 953 ## - | |
| -- | 1995-06-09 |
| -- | DOCU_ELEC |
| 910 ## - DATOS DE OPCIÓN DEL USUARIO (OCLC) | |
| Datos de opción del usuario | 1995 |
| 942 ## - ELEMENTOS DE ENTRADA SECUNDARIOS (KOHA) | |
| Tipo de ítem Koha | Documento Electrónico |
| Estatus retirado | Estado de pérdida | Estado de daño | No para préstamo | Biblioteca de origen | Biblioteca actual | Fecha de adquisición | Total de préstamos | Código de barras | Visto por última vez | Precio de reemplazo | Tipo de ítem Koha |
|---|---|---|---|---|---|---|---|---|---|---|---|
| CENDO | CENDO | 09/06/1995 | CENDO_12 | 05/10/2022 | 05/10/2022 | Documento Electrónico |